LDR 00788nam a2200205 i 4500 001 000000126926 003 CaOOAMICUS 005 20260604160943.0 008 040528s2004 it u000 u ita u 020 $a88-06-16784-7 040 $aSeMil$bita 245 10$a2: Letteratura/e - Violenza. 300 $aXVIII, P. 590-1314, [8] p. di tav. 773 0 $aSchmitt, Jean-Claude <1946- >$tDizionario dell'Occidente medievale.$dTorino : Einaudi, 2003-2004.$gVolume2$w()11705 850 $aSeMil 852 $aSeMil$W1$xVenegono$y1$mSL1.G III 28/2$j272923$B81270$CSeMilBibl$Z2$F83476 $8I 961 $aAcquisto: Einaudi (Agente) 996 $6020$a88-06-16784-7$9(OLS)http://semarc/number/113226 996 $6245$a2: Letteratura/e - Violenza$9(OLS)http://semarc/title/187241